Statistics for Coat of Arms of French Regions

Click here to take the quiz!

General Stats

  • This quiz has been taken 70 times
  • The average score is 12 of 18

Answer Stats

Answer% Correct
Île-de-France
94%
Corsica
92%
Brittany
89%
Normandy
79%
Occitanie
77%
Grand Est
70%
Guadeloupe
70%
Martinique
70%
Provence-Alpes-Cote-d'Azur
68%
Hauts-de-France
66%
Auvergne-Rhône-Alpes
64%
Mayotte
62%
Centre-Val de Loire
57%
Nouvelle-Aquitaine
57%
Pays de la Loire
57%
Réunion
57%
Bourgogne-Franche-Comté
55%
French Guiana
51%

Score Distribution

Percentile by Number Answered

Percent of People with Each Score

Your Score History

You have not taken this quiz